Ultimate Minecraft Quiz - Statistics

General Stats
  • This quiz has been taken 17 times
  • The average score is 117 of 1515
Answer Stats
type answer % Correct
commands w
81%
commands kill
69%
items Snow
63%
entities Bee
56%
entities Cow
56%
commands gamemode
56%
entities Pig
56%
entities Zombie
56%
commands give
50%
commands locate
50%
commands me
50%
entities Pillager
50%
structures Village
50%
biomes Desert
44%
items Diamond
44%
commands execute
44%
entities Iron Golem
44%
items Iron Ingot
44%
biomes Plains
44%
entities Sheep
44%
entities Spider
44%
commands time
44%
commands tp
44%
entities Allay
38%
entities Axolotl
38%
entities Blaze
38%
entities Cave Spider
38%
entities Chicken
38%
items Coal
38%
entities Creeper
38%
commands effect
38%
entities Enderman
38%
commands fill
38%
entities Ghast
38%
items Gold Ingot
38%
biomes Jungle
38%
structures Pillager Outpost
38%
entities Skeleton
38%
commands summon
38%
biomes The End
38%
entities Turtle
38%
items Wheat
38%
entities Wolf
38%
commands xp
38%
entities Zombie Villager
38%
items Bamboo
31%
commands ban
31%
biomes Beach
31%
entities Boat
31%
entities Cat
31%
entities Cod
31%
commands difficulty
31%
commands enchant
31%
entities Evoker
31%
biomes Forest
31%
commands gamerule
31%
items Gold Nugget
31%
entities Horse
31%
entities Magma Cube
31%
structures Mineshaft
31%
entities Mooshroom
31%
items Oak Wood
31%
biomes Ocean
31%
entities Piglin
31%
entities Salmon
31%
commands setblock
31%
entities Silverfish
31%
entities Slime
31%
entities Snow Golem
31%
items Stone
31%
structures Stronghold
31%
biomes Taiga
31%
entities Vex
31%
entities Villager
31%
entities Vindicator
31%
entities Witch
31%
entities Wither
31%
entities Wither Skeleton
31%
structures Ancient City
25%
items Apple
25%
biomes Badlands
25%
structures Bastion Remnant
25%
entities Bat
25%
items Beetroot
25%
items Bone
25%
items Bucket
25%
items Cake
25%
items Carrot
25%
items Chest
25%
commands clear
25%
commands clone
25%
items Crafting Table
25%
entities Dolphin
25%
entities Ender Dragon
25%
entities Endermite
25%
entities | items Ender Pearl
25%
entities Goat
25%
items Gunpowder
25%
entities Hoglin
25%
items Ice
25%
items Iron Nugget
25%
commands kick
25%
entities Llama
25%
structures Nether Fortress
25%
structures Ocean Monument
25%
entities Ocelot
25%
commands op
25%
entities Panda
25%
entities Parrot
25%
entities Phantom
25%
entities Polar Bear
25%
entities Rabbit
25%
biomes Savanna
25%
commands setworldspawn
25%
biomes Snowy Taiga
25%
items Soul Sand
25%
commands spawnpoint
25%
entities Squid
25%
commands teleport
25%
entities Warden
25%
items Water Bucket
25%
commands weather
25%
entities Zoglin
25%
entities Zombified Piglin
25%
items Acacia Wood
19%
items Amethyst Shard
19%
entities | items Armor Stand
19%
entities | items Arrow
19%
commands attribute
19%
items Basalt
19%
items Beacon
19%
items Beetroot Seeds
19%
items Bone Meal
19%
items Bow
19%
items Bowl
19%
items Bread
19%
items Brick
19%
items Cobblestone
19%
biomes Cold Ocean
19%
items Cookie
19%
commands damage
19%
biomes Deep Dark
19%
biomes Deep Ocean
19%
commands deop
19%
structures Desert Pyramid
19%
items Diamond Axe
19%
items Diamond Sword
19%
items Dirt
19%
items Dried Kelp
19%
biomes Dripstone Caves
19%
entities Drowned
19%
entities | items Egg
19%
entities Elder Guardian
19%
items Emerald
19%
structures End City
19%
entities | items Eye of Ender
19%
items Feather
19%
items Flint
19%
entities Fox
19%
entities Frog
19%
biomes Frozen River
19%
commands function
19%
items Furnace
19%
items Glass
19%
items Glowstone
19%
items Grass
19%
items Gravel
19%
entities Guardian
19%
structures Igloo
19%
items Iron Door
19%
items Iron Ore
19%
commands item
19%
entities Item
19%
structures Jungle Temple
19%
items Lava Bucket
19%
items Leather
19%
biomes Lukewarm Ocean
19%
biomes Lush Caves
19%
items Magma Block
19%
biomes Meadow
19%
items Milk Bucket
19%
entities | items Minecart
19%
commands msg
19%
commands music
19%
items Oak Log
19%
items Obsidian
19%
structures Ocean Ruins
19%
commands particle
19%
entities Piglin Brute
19%
commands playsound
19%
items Potato
19%
items Prismarine
19%
entities | items Pufferfish
19%
items Pumpkin
19%
commands ride
19%
items Rotten Flesh
19%
items Sand
19%
commands say
19%
commands scoreboard
19%
structures Shipwreck
19%
entities Shulker
19%
entities Skeleton Horse
19%
entities | items Snowball
19%
biomes Snowy Plains
19%
biomes Soul Sand Valley
19%
commands spreadplayers
19%
items Spruce Wood
19%
items Stick
19%
commands stop
19%
commands stopsound
19%
entities Stray
19%
items String
19%
commands structure
19%
biomes Swamp
19%
commands team
19%
commands tell
19%
commands tellraw
19%
commands title
19%
items Torch
19%
entities Wandering Trader
19%
biomes Warm Ocean
19%
biomes Warped Forest
19%
commands advancement
13%
commands alwaysday
13%
items Anvil
13%
items Baked Potato
13%
biomes Bamboo Jungle
13%
commands ban-ip
13%
items Barrel
13%
biomes Basalt Deltas
13%
items Beetroot Soup
13%
biomes Birch Forest
13%
items Birch Wood
13%
items Black Glazed Terracotta
13%
items Blaze Powder
13%
items Blaze Rod
13%
items Blue Bed
13%
items Blue Carpet
13%
items Blue Glazed Terracotta
13%
items Bone Block
13%
items Book
13%
commands bossbar
13%
items Brewing Stand
13%
items Brown Glazed Terracotta
13%
items Brown Mushroom
13%
structures Buried Treasure
13%
commands camerashake
13%
items Chain
13%
items Chorus Fruit
13%
items Clay
13%
commands clearspawnpoint
13%
items Coal Block
13%
items Coal Ore
13%
commands connect
13%
items Cooked Chicken
13%
items Cooked Cod
13%
items Cooked Mutton
13%
items Cooked Porkchop
13%
items Cooked Salmon
13%
items Copper Ingot
13%
items Creeper Head
13%
biomes Crimson Forest
13%
items Crossbow
13%
items Cyan Glazed Terracotta
13%
biomes Dark Forest
13%
items Dark Oak Wood
13%
commands data
13%
commands daylock
13%
items Deepslate
13%
items Deepslate Emerald Ore
13%
items Diamond Boots
13%
items Diamond Chestplate
13%
items Diamond Hoe
13%
items Diamond Ore
13%
items Diamond Pickaxe
13%
items Diamond Shovel
13%
items Diorite
13%
items Diorite Slab
13%
items Diorite Stairs
13%
items Diorite Wall
13%
entities Donkey
13%
structures Dungeon
13%
items Enchanting Table
13%
biomes End Midlands
13%
commands event
13%
items Fermented Spider Eye
13%
items Flint and Steel
13%
biomes Flower Forest
13%
commands fog
13%
commands forceload
13%
biomes Frozen Ocean
13%
commands gametest
13%
items Ghast Tear
13%
items Glass Bottle
13%
entities Glow Squid
13%
items Glowstone Dust
13%
items Golden Apple
13%
items Golden Axe
13%
items Golden Carrot
13%
items Golden Hoe
13%
items Golden Pickaxe
13%
items Golden Shovel
13%
items Golden Sword
13%
items Gold Ore
13%
items Gray Glazed Terracotta
13%
items Green Glazed Terracotta
13%
commands help
13%
items Honey Block
13%
entities Husk
13%
biomes Ice Spikes
13%
items Iron Axe
13%
items Iron Hoe
13%
items Iron Pickaxe
13%
items Iron Shovel
13%
items Jungle Wood
13%
items Kelp
13%
items Lead
13%
items Light Blue Glazed Terracotta
13%
items Light Gray Glazed Terracotta
13%
items Lime Glazed Terracotta
13%
commands list
13%
commands locatebiome
13%
commands loot
13%
items Magenta Glazed Terracotta
13%
items Magma Cream
13%
biomes Mangrove Swamp
13%
commands mobevent
13%
entities Mule
13%
items Mushroom Stew
13%
items Netherite Ingot
13%
items Netherrack
13%
items Nether Star
13%
biomes Nether Wastes
13%
items Oak Boat
13%
items Oak Door
13%
items Oak Planks
13%
items Orange Glazed Terracotta
13%
commands pardon
13%
items Pink Bed
13%
items Pink Glazed Terracotta
13%
items Piston
13%
commands playanimation
13%
items Poisonous Potato
13%
items Polished Diorite
13%
items Polished Diorite Slab
13%
items Polished Diorite Stairs
13%
items Poppy
13%
items Prismarine Shard
13%
items Prismarine Slab
13%
items Prismarine Stairs
13%
items Pumpkin Pie
13%
items Purple Bed
13%
items Purple Glazed Terracotta
13%
items Rabbit Hide
13%
items Rabbit Stew
13%
items Rail
13%
entities Ravager
13%
items Raw Beef
13%
items Raw Chicken
13%
items Raw Cod
13%
items Raw Gold
13%
items Raw Iron
13%
items Raw Mutton
13%
items Raw Porkchop
13%
items Raw Salmon
13%
commands recipe
13%
items Red Bed
13%
items Red Carpet
13%
items Red Glazed Terracotta
13%
items Red Mushroom
13%
items Redstone Dust
13%
commands reload
13%
commands replaceitem
13%
biomes River
13%
commands schedule
13%
items Scute
13%
commands setmaxplayers
13%
items Slimeball
13%
items Slime Block
13%
biomes Snowy Beach
13%
items Spruce Log
13%
items Steak
13%
items Sticky Piston
13%
items Stone Axe
13%
items Stone Bricks
13%
items Stone Button
13%
items Stone Hoe
13%
items Stone Pickaxe
13%
items Stone Shovel
13%
biomes Stony Shore
13%
entities Strider
13%
items Sunflower
13%
entities Tadpole
13%
commands tag
13%
items Terracotta
13%
commands testfor
13%
commands testforblock
13%
commands testforblocks
13%
commands tickingarea
13%
items TNT
13%
commands toggledownfall
13%
entities Trader Llama
13%
items Trapped Chest
13%
entities | items Trident
13%
entities | items Tropical Fish
13%
items Turtle Egg
13%
items Vines
13%
commands wb
13%
items Wooden Axe
13%
items Wooden Pickaxe
13%
structures Woodland Mansion
13%
commands wsserver
13%
items Yellow Bed
13%
items Yellow Glazed Terracotta
13%
items Zombie Head
13%
commands ability
6%
items Acacia Boat
6%
items Acacia Boat with Chest
6%
items Acacia Door
6%
items Acacia Fence
6%
items Acacia Fence Gate
6%
items Acacia Log
6%
items Acacia Planks
6%
items Acacia Sapling
6%
items Acacia Stairs
6%
items Acacia Trapdoor
6%
items Allium
6%
items Amethyst Block
6%
items Amethyst Cluster
6%
structures Amethyst Geode
6%
items Ancient Debris
6%
items Andesite
6%
items Andesite Slab
6%
items Andesite Stairs
6%
items Andesite Wall
6%
items Awkward Potion
6%
items Azalea
6%
commands banlist
6%
items Birch Boat
6%
items Birch Button
6%
items Birch Door
6%
items Birch Fence
6%
items Birch Fence Gate
6%
items Birch Leaves
6%
items Birch Log
6%
items Birch Planks
6%
items Birch Pressure Plate
6%
items Birch Slab
6%
items Birch Stairs
6%
items Black Banner
6%
items Black Bed
6%
items Black Concrete
6%
items Black Stained Glass
6%
items Black Stained Glass Pane
6%
items Blackstone
6%
items Blackstone Slab
6%
items Blackstone Stairs
6%
items Blackstone Wall
6%
items Black Terracotta
6%
items Black Wool
6%
items Blue Banner
6%
items Blue Concrete
6%
items Blue Concrete Powder
6%
items Blue Orchid
6%
items Blue Stained Glass
6%
items Blue Stained Glass Pane
6%
items Blue Terracotta
6%
items Blue Wool
6%
items Book and Quill
6%
items Bookshelf
6%
items Bottle O' Enchanting
6%
items Brain Coral
6%
items Bricks
6%
items Brown Bed
6%
items Brown Carpet
6%
items Brown Concrete
6%
items Brown Mushroom Block
6%
items Brown Stained Glass
6%
items Brown Stained Glass Pane
6%
items Brown Terracotta
6%
items Brown Wool
6%
items Bubble Coral
6%
items Bucket of Axolotl
6%
items Bucket of Cod
6%
items Bucket of Salmon
6%
items Bucket of Tadpole
6%
items Cactus
6%
items Campfire
6%
items Carrot on a Stick
6%
items Carved Pumpkin
6%
items Cauldron
6%
items Chainmail Boots
6%
items Chainmail Chestplate
6%
items Chainmail Helmet
6%
items Chainmail Leggings
6%
commands changesetting
6%
items Charcoal
6%
items Chiseled Deepslate
6%
items Chiseled Quartz Block
6%
items Chiseled Sandstone
6%
items Cobbled Deepslate
6%
items Cobweb
6%
items Comparator
6%
items Compass
6%
items Conduit
6%
items Cooked Rabbit
6%
items Copper Block
6%
items Copper Ore
6%
items Cracked Stone Bricks
6%
items Crimson Door
6%
items Crimson Fence
6%
items Crimson Fence Gate
6%
items Crimson Planks
6%
items Crimson Slab
6%
items Crimson Stairs
6%
items Crimson Stem
6%
items Cut Copper
6%
items Cut Copper Slab
6%
items Cut Copper Stairs
6%
items Cyan Banner
6%
items Cyan Bed
6%
items Cyan Carpet
6%
items Cyan Concrete
6%
items Cyan Concrete Powder
6%
items Cyan Stained Glass
6%
items Cyan Stained Glass Pane
6%
items Cyan Terracotta
6%
items Cyan Wool
6%
items Damaged Anvil
6%
items Dark Oak Door
6%
items Dark Oak Leaves
6%
items Dark Oak Log
6%
items Dark Oak Planks
6%
items Dark Oak Pressure Plate
6%
items Dark Oak Slab
6%
items Dark Oak Stairs
6%
items Dark Prismarine
6%
commands datapack
6%
commands debug
6%
commands dedicatedwsserver
6%
biomes Deep Cold Ocean
6%
biomes Deep Frozen Ocean
6%
biomes Deep Lukewarm Ocean
6%
items Deepslate Coal Ore
6%
items Deepslate Copper Ore
6%
items Deepslate Diamond Ore
6%
items Deepslate Gold Ore
6%
items Deepslate Iron Ore
6%
items Deepslate Lapis Lazuli Ore
6%
commands defaultgamemode
6%
structures Desert Well
6%
commands dialogue
6%
items Diamond Block
6%
items Diamond Helmet
6%
items Diamond Leggings
6%
items Dispenser
6%
items Dragon Egg
6%
items Dragon's Breath
6%
items Dried Kelp Block
6%
items Dropper
6%
items Elytra
6%
items Emerald Block
6%
items Enchanted Book
6%
items Enchanted Golden Apple
6%
biomes End Barrens
6%
items Ender Chest
6%
items End Rod
6%
items End Stone
6%
biomes Eroded Badlands
6%
commands experience
6%
entities Falling Block
6%
items Fern
6%
entities Fireball
6%
items Fire Charge
6%
items Fire Coral
6%
entities | items Firework Rocket
6%
items Fishing Rod
6%
items Fletching Table
6%
structures Fossil
6%
biomes Frozen Peaks
6%
items Glass Pane
6%
items Glow Berries
6%
items Goat Horn
6%
items Gold Block
6%
items Golden Boots
6%
items Granite
6%
items Grass Block
6%
items Gray Banner
6%
items Gray Concrete
6%
items Gray Stained Glass
6%
items Gray Stained Glass Pane
6%
items Gray Terracotta
6%
items Gray Wool
6%
items Green Banner
6%
items Green Bed
6%
items Green Carpet
6%
items Green Concrete
6%
items Green Concrete Powder
6%
items Green Dye
6%
items Green Stained Glass
6%
items Green Stained Glass Pane
6%
items Green Terracotta
6%
items Green Wool
6%
biomes Grove
6%
items Hay Bale
6%
items Heart of the Sea
6%
items Heavy Weighted Pressure Plate
6%
items Honey Bottle
6%
items Honeycomb
6%
items Hopper
6%
items Horn Coral
6%
commands immutableworld
6%
items Iron Bars
6%
items Iron Block
6%
items Iron Boots
6%
items Iron Chestplate
6%
items Iron Helmet
6%
items Iron Leggings
6%
items Iron Sword
6%
entities | items Item Frame
6%
biomes Jagged Peaks
6%
commands jfr
6%
items Jukebox
6%
items Jungle Leaves
6%
items Jungle Log
6%
items Jungle Planks
6%
items Jungle Slab
6%
items Jungle Stairs
6%
items Lantern
6%
items Lapis Lazuli
6%
items Lapis Lazuli Ore
6%
items Large Fern
6%
items Leather Boots
6%
items Leather Cap
6%
items Leather Pants
6%
items Leather Tunic
6%
items Lectern
6%
items Light Blue Banner
6%
items Light Blue Concrete
6%
items Light Blue Concrete Powder
6%
items Light Blue Stained Glass
6%
items Light Blue Stained Glass Pane
6%
items Light Blue Terracotta
6%
items Light Blue Wool
6%
items Light Gray Banner
6%
items Light Gray Concrete
6%
items Light Gray Stained Glass
6%
items Light Gray Stained Glass Pane
6%
items Light Gray Terracotta
6%
items Light Gray Wool
6%
items Lightning Rod
6%
items Light Weighted Pressure Plate
6%
items Lily Pad
6%
items Lime Banner
6%
items Lime Concrete
6%
items Lime Concrete Powder
6%
items Lime Stained Glass
6%
items Lime Stained Glass Pane
6%
items Lime Terracotta
6%
items Lime Wool
6%
items Lingering Water Bottle
6%
items Loom
6%
items Magenta Banner
6%
items Magenta Carpet
6%
items Magenta Concrete
6%
items Magenta Stained Glass
6%
items Magenta Stained Glass Pane
6%
items Magenta Terracotta
6%
items Magenta Wool
6%
items Mangrove Boat
6%
items Mangrove Button
6%
items Mangrove Log
6%
items Mangrove Planks
6%
items Mangrove Slab
6%
items Mangrove Stairs
6%
items Mangrove Wood
6%
items Melon Slice
6%
entities Minecart with Chest
6%
entities Minecart with Furnace
6%
entities Minecart with TNT
6%
items Moss Block
6%
items Mossy Cobblestone
6%
items Mossy Stone Bricks
6%
items Mossy Stone Brick Stairs
6%
items Mossy Stone Brick Wall
6%
items Mushroom Stem
6%
items Mycelium
6%
items Nautilus Shell
6%
items Nether Brick
6%
items Nether Brick Fence
6%
items Nether Bricks
6%
items Nether Brick Slab
6%
items Nether Brick Stairs
6%
items Nether Brick Wall
6%
structures Nether Fossil
6%
items Nether Gold Ore
6%
items Netherite Axe
6%
items Netherite Block
6%
items Netherite Hoe
6%
items Netherite Pickaxe
6%
items Netherite Scrap
6%
items Netherite Shovel
6%
items Note Block
6%
items Oak Button
6%
items Oak Fence
6%
items Oak Fence Gate
6%
items Oak Leaves
6%
items Oak Pressure Plate
6%
items Oak Sapling
6%
items Oak Slab
6%
items Oak Stairs
6%
items Oak Trapdoor
6%
items Observer
6%
items Ochre Froglight
6%
biomes Old Growth Birch Forest
6%
biomes Old Growth Pine Taiga
6%
biomes Old Growth Spruce Taiga
6%
commands ops
6%
items Orange Banner
6%
items Orange Bed
6%
items Orange Concrete
6%
items Orange Concrete Powder
6%
items Orange Stained Glass
6%
items Orange Stained Glass Pane
6%
items Orange Terracotta
6%
items Orange Tulip
6%
items Orange Wool
6%
entities | items Painting
6%
items Paper
6%
commands pardon-ip
6%
items Pearlescent Froglight
6%
commands perf
6%
commands permission
6%
items Pink Banner
6%
items Pink Concrete
6%
items Pink Concrete Powder
6%
items Pink Stained Glass
6%
items Pink Stained Glass Pane
6%
items Pink Terracotta
6%
items Pink Tulip
6%
items Pink Wool
6%
commands place
6%
entities Player
6%
items Polished Blackstone
6%
items Polished Blackstone Button
6%
items Polished Blackstone Slab
6%
items Polished Blackstone Stairs
6%
items Polished Blackstone Wall
6%
items Polished Deepslate
6%
items Popped Chorus Fruit
6%
items Prismarine Bricks
6%
items Prismarine Wall
6%
commands publish
6%
items Purple Banner
6%
items Purple Carpet
6%
items Purple Concrete
6%
items Purple Stained Glass
6%
items Purple Stained Glass Pane
6%
items Purple Terracotta
6%
items Purple Wool
6%
items Quartz Block
6%
items Quartz Pillar
6%
items Quartz Slab
6%
items Quartz Stairs
6%
items Rabbit's Foot
6%
items Raw Copper
6%
items Raw Rabbit
6%
items Red Banner
6%
items Red Concrete
6%
items Red Concrete Powder
6%
items Red Mushroom Block
6%
items Red Stained Glass
6%
items Red Stained Glass Pane
6%
items Redstone Block
6%
items Redstone Ore
6%
items Red Terracotta
6%
items Red Tulip
6%
items Red Wool
6%
commands remove
6%
items Repeater
6%
items Saddle
6%
items Sandstone
6%
biomes Savanna Plateau
6%
commands save
6%
commands save-all
6%
commands save-off
6%
commands save-on
6%
items Sculk
6%
items Sculk Sensor
6%
items Sculk Shrieker
6%
items Seagrass
6%
items Sea Pickle
6%
commands seed
6%
commands setidletimeout
6%
items Shears
6%
items Shield
6%
items Shulker Box
6%
entities Shulker Bullet
6%
items Shulker Shell
6%
items Skeleton Skull
6%
items Slightly Damaged Anvil
6%
biomes Small End Islands
6%
items Smithing Table
6%
items Smoker
6%
items Smooth Basalt
6%
items Smooth Quartz Block
6%
items Smooth Quartz Slab
6%
items Smooth Quartz Stairs
6%
items Smooth Stone
6%
items Soul Soil
6%
items Soul Torch
6%
biomes Sparse Jungle
6%
commands spectate
6%
items Spectral Arrow
6%
items Spider Eye
6%
items Splash Water Bottle
6%
items Sponge
6%
items Spruce Boat
6%
items Spruce Button
6%
items Spruce Door
6%
items Spruce Planks
6%
items Spruce Pressure Plate
6%
items Spruce Sapling
6%
items Spruce Slab
6%
items Spruce Stairs
6%
items Stone Brick Slab
6%
items Stone Brick Stairs
6%
items Stone Brick Wall
6%
items Stonecutter
6%
items Stone Pressure Plate
6%
items Stone Slab
6%
items Stone Sword
6%
biomes Stony Peaks
6%
items Stripped Birch Log
6%
items Stripped Birch Wood
6%
items Stripped Crimson Stem
6%
items Stripped Dark Oak Log
6%
items Stripped Dark Oak Wood
6%
items Stripped Jungle Log
6%
items Stripped Jungle Wood
6%
items Stripped Mangrove Log
6%
items Stripped Mangrove Wood
6%
items Stripped Oak Log
6%
items Stripped Oak Wood
6%
items Stripped Spruce Log
6%
items Stripped Spruce Wood
6%
items Stripped Warped Stem
6%
items Sugar
6%
biomes Sunflower Plains
6%
items Suspicious Stew
6%
structures Swamp Hut
6%
items Sweet Berries
6%
items Tall Grass
6%
commands teammsg
6%
items Tipped Arrow
6%
commands titleraw
6%
commands tm
6%
items Totem of Undying
6%
commands trigger
6%
items Tripwire Hook
6%
items Tube Coral
6%
items Tuff
6%
items Turtle Shell
6%
items Verdant Froglight
6%
commands volumearea
6%
items Warped Fence
6%
items Warped Planks
6%
items Warped Slab
6%
items Warped Stairs
6%
items Warped Stem
6%
items Water Bottle
6%
items Waxed Copper Block
6%
items Waxed Cut Copper
6%
items Waxed Cut Copper Slab
6%
items Waxed Cut Copper Stairs
6%
items Waxed Weathered Cut Copper
6%
items Waxed Weathered Cut Copper Stairs
6%
items Weathered Copper Block
6%
items Weathered Cut Copper
6%
items Weathered Cut Copper Slab
6%
items Weathered Cut Copper Stairs
6%
items Wet Sponge
6%
items Wheat Seeds
6%
items White Banner
6%
items White Bed
6%
items White Carpet
6%
items White Concrete
6%
items White Concrete Powder
6%
items White Glazed Terracotta
6%
commands whitelist
6%
items White Terracotta
6%
items White Tulip
6%
items White Wool
6%
biomes Windswept Gravelly Hills
6%
biomes Windswept Hills
6%
biomes Windswept Savanna
6%
items Wither Skeleton Skull
6%
entities Wither Skull
6%
biomes Wooded Badlands
6%
items Wooden Hoe
6%
items Wooden Shovel
6%
items Wooden Sword
6%
commands worldborder
6%
commands worldbuilder
6%
items Yellow Banner
6%
items Yellow Carpet
6%
items Yellow Concrete
6%
items Yellow Concrete Powder
6%
items Yellow Stained Glass
6%
items Yellow Stained Glass Pane
6%
items Yellow Terracotta
6%
items Yellow Wool
6%
items Acacia Button
0%
items Acacia Leaves
0%
items Acacia Pressure Plate
0%
items Acacia Sign
0%
items Acacia Slab
0%
items Activator Rails
0%
items Arrow of Fire Resistance (0:22)
0%
items Arrow of Fire Resistance (1:00)
0%
items Arrow of Harming (Instant Damage)
0%
items Arrow of Harming (Instant Damage II)
0%
items Arrow of Healing (Instant Health)
0%
items Arrow of Healing (Instant Health II)
0%
items Arrow of Invisibility (0:22)
0%
items Arrow of Invisibility (1:00)
0%
items Arrow of Leaping (0:11)
0%
items Arrow of Leaping (0:22)
0%
items Arrow of Leaping (1:00)
0%
items Arrow of Night Vision (0:22)
0%
items Arrow of Night Vision (1:00)
0%
items Arrow of Poison (0:02)
0%
items Arrow of Poison (0:05)
0%
items Arrow of Poison (0:11)
0%
items Arrow of Regeneration (0:02)
0%
items Arrow of Regeneration (0:05)
0%
items Arrow of Regeneration (0:11)
0%
items Arrow of Slow Falling (0:11)
0%
items Arrow of Slow Falling (0:30)
0%
items Arrow of Slowness (0:02)
0%
items Arrow of Slowness (0:11)
0%
items Arrow of Slowness (0:30)
0%
items Arrow of Strength (0:11)
0%
items Arrow of Strength (0:22)
0%
items Arrow of Strength (1:00)
0%
items Arrow of Swiftness (0:11)
0%
items Arrow of Swiftness (0:22)
0%
items Arrow of Swiftness (1:00)
0%
items Arrow of the Turtle Master (0:02)
0%
items Arrow of the Turtle Master (0:05)
0%
items Arrow of Water Breathing (0:22)
0%
items Arrow of Water Breathing (1:00)
0%
items Arrow of Weakness (0:11)
0%
items Arrow of Weakness (0:30)
0%
items Awkward Lingering Potion
0%
items Awkward Splash Potion
0%
items Azalea Leaves
0%
items Azure Bluet
0%
items Banner Pattern Creeper
0%
items Banner Pattern Flower
0%
items Banner Pattern Globe
0%
items Banner Pattern Piglin
0%
items Banner Pattern Skull
0%
items Banner Pattern Thing
0%
items Beehive
0%
items Bee Nest
0%
items Bell
0%
items Big Dripleaf
0%
items Birch Boat with Chest
0%
items Birch Sapling
0%
items Birch Sign
0%
items Birch Trapdoor
0%
items Black Candle
0%
items Black Carpet
0%
items Black Concrete Powder
0%
items Black Dye
0%
items Black Shulker Box
0%
items Blast Furnace
0%
items Blue Candle
0%
items Blue Dye
0%
items Blue Ice
0%
items Blue Shulker Box
0%
entities Boat with Chest
0%
items Brain Coral Block
0%
items Brain Coral Fan
0%
items Brick Slab
0%
items Brick Stairs
0%
items Brick Wall
0%
items Brown Banner
0%
items Brown Candle
0%
items Brown Concrete Powder
0%
items Brown Dye
0%
items Brown Shulker Box
0%
items Bubble Coral Block
0%
items Bubble Coral Fan
0%
items Bucket of Pufferfish
0%
items Bucket of Tropical Fish
0%
items Calcite
0%
items Candle
0%
items Cartography Table
0%
items Chest Minecart
0%
items Chiseled Nether Bricks
0%
items Chiseled Polished Blackstone
0%
items Chiseled Red Sandstone
0%
items Chiseled Stone Bricks
0%
items Chorus Flower
0%
items Clay Block
0%
items Clock
0%
items Coarse Dirt
0%
items Cobbled Deepslate Slab
0%
items Cobbled Deepslate Stairs
0%
items Cobbled Deepslate Wall
0%
items Cobblestone Slab
0%
items Cobblestone Stairs
0%
items Cobblestone Wall
0%
items Cocoa Beans
0%
items Composter
0%
items Cornflower
0%
items Cracked Deepslate Bricks
0%
items Cracked Deepslate Tiles
0%
items Cracked Nether Bricks
0%
items Cracked Polished Blackstone Bricks
0%
items Crimson Button
0%
items Crimson Fungus
0%
items Crimson Hyphae
0%
items Crimson Nylium
0%
items Crimson Pressure Plate
0%
items Crimson Roots
0%
items Crimson Sign
0%
items Crimson Trapdoor
0%
items Crying Obsidian
0%
items Cut Red Sandstone
0%
items Cut Red Sandstone Slab
0%
items Cut Sandstone
0%
items Cut Sandstone Slab
0%
items Cyan Candle
0%
items Cyan Dye
0%
items Cyan Shulker Box
0%
items Dandelion
0%
items Dark Oak Boat
0%
items Dark Oak Boat with Chest
0%
items Dark Oak Button
0%
items Dark Oak Fence
0%
items Dark Oak Fence Gate
0%
items Dark Oak Sapling
0%
items Dark Oak Sign
0%
items Dark Oak Trapdoor
0%
items Dark Prismarine Slab
0%
items Dark Prismarine Stairs
0%
items Daylight Sensor
0%
items Dead Brain Coral
0%
items Dead Brain Coral Block
0%
items Dead Brain Coral Fan
0%
items Dead Bubble Coral
0%
items Dead Bubble Coral Block
0%
items Dead Bubble Coral Fan
0%
items Dead Bush
0%
items Dead Fire Coral
0%
items Dead Fire Coral Block
0%
items Dead Fire Coral Fan
0%
items Dead Horn Coral
0%
items Dead Horn Coral Block
0%
items Dead Horn Coral Fan
0%
items Dead Tube Coral
0%
items Dead Tube Coral Block
0%
items Dead Tube Coral Fan
0%
items Deepslate Bricks
0%
items Deepslate Brick Slab
0%
items Deepslate Brick Stairs
0%
items Deepslate Brick Wall
0%
items Deepslate Redstone Ore
0%
items Deepslate Tiles
0%
items Deepslate Tile Slab
0%
items Deepslate Tile Stairs
0%
items Deepslate Tile Wall
0%
items Detector Rails
0%
items Diamond Horse Armor
0%
items Disc Fragment
0%
entities Dragon Fireball
0%
items Dragon Head
0%
items Dripstone Block
0%
items Echo Shard
0%
items Emerald Ore
0%
items Empty Map
0%
items End Crystal
0%
biomes End Highlands
0%
items End Stone Bricks
0%
items End Stone Brick Slab
0%
items End Stone Brick Stairs
0%
items End Stone Brick Wall
0%
entities Evoker Fang
0%
entities Experience Orb
0%
items Exposed Copper Block
0%
items Exposed Cut Copper
0%
items Exposed Cut Copper Slab
0%
items Exposed Cut Copper Stairs
0%
items Filled Map
0%
items Fire Coral Block
0%
items Fire Coral Fan
0%
items Firework Star
0%
entities Fishing Rod Bobber
0%
items Flowering Azalea
0%
items Flowering Azalea Leaves
0%
items Flower Pot
0%
structures Forest Rock
0%
items Furnace Minecart
0%
items Gilded Blackstone
0%
items Glistering Melon Slice
0%
items Glow Ink Sac
0%
entities | items Glow Item Frame
0%
items Glow Lichen
0%
items Golden Chestplate
0%
items Golden Helmet
0%
items Golden Horse Armor
0%
items Golden Leggings
0%
items Granite Slab
0%
items Granite Stairs
0%
items Granite Wall
0%
items Gray Bed
0%
items Gray Candle
0%
items Gray Carpet
0%
items Gray Concrete Powder
0%
items Gray Dye
0%
items Gray Shulker Box
0%
items Green Candle
0%
items Green Shulker Box
0%
items Grindstone
0%
items Hanging Roots
0%
items Honeycomb Block
0%
items Hopper Minecart
0%
items Horn Coral Block
0%
items Horn Coral Fan
0%
structures Iceberg
0%
items Ink Sac
0%
items Iron Horse Armor
0%
items Iron Trapdoor
0%
items Jack o'Lantern
0%
items Jungle Boat
0%
items Jungle Boat with Chest
0%
items Jungle Button
0%
items Jungle Door
0%
items Jungle Fence
0%
items Jungle Fence Gate
0%
items Jungle Pressure Plate
0%
items Jungle Sapling
0%
items Jungle Sign
0%
items Jungle Trapdoor
0%
items Ladder
0%
items Lapis Lazuli Block
0%
items Large Amethyst Bud
0%
entities Lead Knot
0%
items Leather Horse Armor
0%
items Lever
0%
items Light Blue Bed
0%
items Light Blue Candle
0%
items Light Blue Carpet
0%
items Light Blue Dye
0%
items Light Blue Shulker Box
0%
items Light Gray Bed
0%
items Light Gray Candle
0%
items Light Gray Carpet
0%
items Light Gray Concrete Powder
0%
items Light Gray Dye
0%
items Light Gray Shulker Box
0%
entities Lightning Bolt
0%
items Lilac
0%
items Lily of the Valley
0%
items Lime Bed
0%
items Lime Candle
0%
items Lime Carpet
0%
items Lime Dye
0%
items Lime Shulker Box
0%
items Lingering Potion of Fire Resistance (0:45)
0%
items Lingering Potion of Fire Resistance (2:00)
0%
items Lingering Potion of Harming (Instant Damage)
0%
items Lingering Potion of Harming (Instant Damage II)
0%
items Lingering Potion of Healing (Instant Health)
0%
items Lingering Potion of Healing (Instant Health II)
0%
items Lingering Potion of Invisibility (0:45)
0%
items Lingering Potion of Invisibility (2:00)
0%
items Lingering Potion of Leaping (0:22)
0%
items Lingering Potion of Leaping (0:45)
0%
items Lingering Potion of Leaping (2:00)
0%
items Lingering Potion of Night Vision (0:45)
0%
items Lingering Potion of Night Vision (2:00)
0%
items Lingering Potion of Poison (0:05)
0%
items Lingering Potion of Poison (0:11)
0%
items Lingering Potion of Poison (0:22)
0%
items Lingering Potion of Regeneration (0:05)
0%
items Lingering Potion of Regeneration (0:11)
0%
items Lingering Potion of Regeneration (0:22)
0%
items Lingering Potion of Slow Falling (0:22)
0%
items Lingering Potion of Slow Falling (1:00)
0%
items Lingering Potion of Slowness (0:02)
0%
items Lingering Potion of Slowness (0:22)
0%
items Lingering Potion of Slowness (1:00)
0%
items Lingering Potion of Strength (0:22)
0%
items Lingering Potion of Strength (0:45)
0%
items Lingering Potion of Strength (2:00)
0%
items Lingering Potion of Swiftness (0:22)
0%
items Lingering Potion of Swiftness (0:45)
0%
items Lingering Potion of Swiftness (2:00)
0%
items Lingering Potion of the Turtle Master (0:05)
0%
items Lingering Potion of the Turtle Master (0:10)
0%
items Lingering Potion of Water Breathing (0:45)
0%
items Lingering Potion of Water Breathing (2:00)
0%
items Lingering Potion of Weakness (0:22)
0%
items Lingering Potion of Weakness (1:00)
0%
entities Llama Spit
0%
items Lodestone
0%
items Magenta Bed
0%
items Magenta Candle
0%
items Magenta Concrete Powder
0%
items Magenta Dye
0%
items Magenta Shulker Box
0%
items Mangrove Boat with Chest
0%
items Mangrove Door
0%
items Mangrove Fence
0%
items Mangrove Fence Gate
0%
items Mangrove Leaves
0%
items Mangrove Pressure Plate
0%
items Mangrove Propagule
0%
items Mangrove Roots
0%
items Mangrove Sign
0%
items Mangrove Trapdoor
0%
items Medium Amethyst Bud
0%
items Melon Block
0%
items Melon Seeds
0%
items Moss Carpet
0%
items Mossy Cobblestone Slab
0%
items Mossy Cobblestone Stairs
0%
items Mossy Cobblestone Wall
0%
items Mossy Stone Brick Slab
0%
items Mud
0%
items Mud Bricks
0%
items Mud Brick Slab
0%
items Mud Brick Stairs
0%
items Mud Brick Wall
0%
items Muddy Mangrove Roots
0%
items Mundane Lingering Potion
0%
items Mundane Potion
0%
items Mundane Splash Potion
0%
biomes Mushroom Fields
0%
items Music Disc (C418 - 11)
0%
items Music Disc (C418 - 13)
0%
items Music Disc (C418 - Blocks)
0%
items Music Disc (C418 - Cat)
0%
items Music Disc (C418 - Chirp)
0%
items Music Disc (C418 - Far)
0%
items Music Disc (C418 - Mall)
0%
items Music Disc (C418 - Mellohi)
0%
items Music Disc (C418 - Stal)
0%
items Music Disc (C418 - Strad)
0%
items Music Disc (C418 - Wait)
0%
items Music Disc (C418 - Ward)
0%
items Music Disc (Lena Raine - Otherside)
0%
items Music Disc (Lena Raine - Pigstep)
0%
items Music Disc (Samuel Åberg - 5)
0%
items Name Tag
0%
items Netherite Boots
0%
items Netherite Chestplate
0%
items Netherite Helmet
0%
items Netherite Leggings
0%
items Netherite Sword
0%
items Nether Quartz
0%
items Nether Quartz Ore
0%
items Nether Sprouts
0%
items Nether Wart
0%
items Nether Wart Block
0%
items Oak Boat with Chest
0%
items Oak Sign
0%
items Orange Candle
0%
items Orange Carpet
0%
items Orange Dye
0%
items Orange Shulker Box
0%
items Oxeye Daisy
0%
items Oxidized Copper Block
0%
items Oxidized Cut Copper
0%
items Oxidized Cut Copper Slab
0%
items Oxidized Cut Copper Stairs
0%
items Packed Ice
0%
items Packed Mud
0%
items Peony
0%
items Phantom Membrane
0%
items Pink Candle
0%
items Pink Carpet
0%
items Pink Dye
0%
items Pink Shulker Box
0%
items Podzol
0%
items Pointed Dripstone
0%
items Polished Andesite
0%
items Polished Andesite Slab
0%
items Polished Andesite Stairs
0%
items Polished Basalt
0%
items Polished Blackstone Bricks
0%
items Polished Blackstone Brick Slab
0%
items Polished Blackstone Brick Stairs
0%
items Polished Blackstone Brick Wall
0%
items Polished Blackstone Pressure Plate
0%
items Polished Deepslate Slab
0%
items Polished Deepslate Stairs
0%
items Polished Deepslate Wall
0%
items Polished Granite
0%
items Polished Granite Slab
0%
items Polished Granite Stairs
0%
items Potion of Fire Resistance (3:00)
0%
items Potion of Fire Resistance (8:00)
0%
items Potion of Harming (Instant Damage)
0%
items Potion of Harming (Instant Damage II)
0%
items Potion of Healing (Instant Health)
0%
items Potion of Healing (Instant Health II)
0%
items Potion of Invisibility (3:00)
0%
items Potion of Invisibility (8:00)
0%
items Potion of Leaping (1:30)
0%
items Potion of Leaping (3:00)
0%
items Potion of Leaping (8:00)
0%
items Potion of Night Vision (3:00)
0%
items Potion of Night Vision (8:00)
0%
items Potion of Poison (0:22)
0%
items Potion of Poison (0:45)
0%
items Potion of Poison (1:30)
0%
items Potion of Regeneration (0:22)
0%
items Potion of Regeneration (0:45)
0%
items Potion of Regeneration (1:30)
0%
items Potion of Slow Falling (1:30)
0%
items Potion of Slow Falling (4:00)
0%
items Potion of Slowness (0:10)
0%
items Potion of Slowness (1:30)
0%
items Potion of Slowness (4:00)
0%
items Potion of Strength (1:30)
0%
items Potion of Strength (3:00)
0%
items Potion of Strength (8:00)
0%
items Potion of Swiftness (1:30)
0%
items Potion of Swiftness (3:00)
0%
items Potion of Swiftness (8:00)
0%
items Potion of the Turtle Master (0:20)
0%
items Potion of the Turtle Master (0:40)
0%
items Potion of Water Breathing (3:00)
0%
items Potion of Water Breathing (8:00)
0%
items Potion of Weakness (1:30)
0%
items Potion of Weakness (4:00)
0%
items Powder Snow Bucket
0%
items Powered Rails
0%
entities Primed TNT
0%
items Prismarine Brick Slab
0%
items Prismarine Brick Stairs
0%
items Prismarine Crystals
0%
items Pumpkin Seeds
0%
items Purple Candle
0%
items Purple Concrete Powder
0%
items Purple Dye
0%
items Purple Shulker Box
0%
items Purpur Block
0%
items Purpur Pillar
0%
items Purpur Slab
0%
items Purpur Stairs
0%
items Quartz Bricks
0%
items Raw Copper Block
0%
items Raw Gold Block
0%
items Raw Iron Block
0%
items Recovery Compass
0%
items Red Candle
0%
items Red Dye
0%
items Red Nether Brick
0%
items Red Nether Brick Slab
0%
items Red Nether Brick Stairs
0%
items Red Nether Brick Wall
0%
items Red Sand
0%
items Red Sandstone
0%
items Red Sandstone Slab
0%
items Red Sandstone Stairs
0%
items Red Sandstone Wall
0%
items Red Shulker Box
0%
items Redstone Lamp
0%
items Redstone Torch
0%
items Respawn Anchor
0%
items Rooted Dirt
0%
items Rose Bush
0%
structures Ruined Portal (Nether)
0%
structures Ruined Portal (Overworld)
0%
items Sandstone Slab
0%
items Sandstone Stairs
0%
items Sandstone Wall
0%
items Scaffolding
0%
items Sculk Catalyst
0%
items Sculk Vein
0%
items Sea Lantern
0%
items Shroomlight
0%
items Small Amethyst Bud
0%
items Small Dripleaf
0%
entities Small Fireball
0%
items Smooth Red Sandstone
0%
items Smooth Red Sandstone Slab
0%
items Smooth Red Sandstone Stairs
0%
items Smooth Sandstone
0%
items Smooth Sandstone Slab
0%
items Smooth Sandstone Stairs
0%
items Smooth Stone Slab
0%
items Snow Block
0%
biomes Snowy Slopes
0%
items Soul Campfire
0%
items Soul Fire Lantern
0%
items Splash Potion of Fire Resistance (3:00)
0%
items Splash Potion of Fire Resistance (8:00)
0%
items Splash Potion of Harming (Instant Damage)
0%
items Splash Potion of Harming (Instant Damage II)
0%
items Splash Potion of Healing (Instant Health)
0%
items Splash Potion of Healing (Instant Health II)
0%
items Splash Potion of Invisibility (3:00)
0%
items Splash Potion of Invisibility (8:00)
0%
items Splash Potion of Leaping (1:30)
0%
items Splash Potion of Leaping (3:00)
0%
items Splash Potion of Leaping (8:00)
0%
items Splash Potion of Night Vision (3:00)
0%
items Splash Potion of Night Vision (8:00)
0%
items Splash Potion of Poison (0:22)
0%
items Splash Potion of Poison (0:45)
0%
items Splash Potion of Poison (1:30)
0%
items Splash Potion of Regeneration (0:22)
0%
items Splash Potion of Regeneration (0:45)
0%
items Splash Potion of Regeneration (1:30)
0%
items Splash Potion of Slow Falling (1:30)
0%
items Splash Potion of Slow Falling (4:00)
0%
items Splash Potion of Slowness (0:20)
0%
items Splash Potion of Slowness (1:30)
0%
items Splash Potion of Slowness (4:00)
0%
items Splash Potion of Strength (1:30)
0%
items Splash Potion of Strength (3:00)
0%
items Splash Potion of Strength (8:00)
0%
items Splash Potion of Swiftness (1:30)
0%
items Splash Potion of Swiftness (3:00)
0%
items Splash Potion of Swiftness (8:00)
0%
items Splash Potion of the Turtle Master (0:20)
0%
items Splash Potion of the Turtle Master (0:40)
0%
items Splash Potion of Water Breathing (3:00)
0%
items Splash Potion of Water Breathing (8:00)
0%
items Splash Potion of Weakness (1:30)
0%
items Splash Potion of Weakness (4:00)
0%
items Spore Blossom
0%
items Spruce Boat with Chest
0%
items Spruce Fence
0%
items Spruce Fence Gate
0%
items Spruce Leaves
0%
items Spruce Sign
0%
items Spruce Trapdoor
0%
items Spyglass
0%
items Stone Stairs
0%
items Stripped Acacia Log
0%
items Stripped Acacia Wood
0%
items Stripped Crimson Hyphae
0%
items Stripped Warped Hyphae
0%
items Sugar Cane
0%
items Target
0%
biomes The Void
0%
items Thick Lingering Potion
0%
items Thick Potion
0%
items Thick Splash Potion
0%
items Tinted Glass
0%
items TNT Minecart
0%
items Tube Coral Block
0%
items Tube Coral Fan
0%
items Twisting Vines
0%
commands warden_spawn_tracker
0%
items Warped Button
0%
items Warped Door
0%
items Warped Fence Gate
0%
items Warped Fungus
0%
items Warped Fungus on a Stick
0%
items Warped Hyphae
0%
items Warped Nylium
0%
items Warped Pressure Plate
0%
items Warped Roots
0%
items Warped Sign
0%
items Warped Trapdoor
0%
items Warped Wart Block
0%
items Waxed Exposed Copper Block
0%
items Waxed Exposed Cut Copper
0%
items Waxed Exposed Cut Copper Slab
0%
items Waxed Exposed Cut Copper Stairs
0%
items Waxed Oxidized Copper Block
0%
items Waxed Oxidized Cut Copper
0%
items Waxed Oxidized Cut Copper Slab
0%
items Waxed Oxidized Cut Copper Stairs
0%
items Waxed Weathered Copper Block
0%
items Waxed Weathered Cut Copper Slab
0%
items Weeping Vines
0%
items White Candle
0%
items White Dye
0%
items White Shulker Box
0%
items White Stained Glass
0%
items White Stained Glass Pane
0%
biomes Windswept Forest
0%
items Wither Rose
0%
items Written Book
0%
items Yellow Candle
0%
items Yellow Dye
0%
items Yellow Shulker Box
0%
No matching quizzes found
Score Distribution
Percent of People with Each Score
Percentile by Number Answered
Your Score History
You have not taken this quiz